000 00765nam a2200229Ia 4500
001 9585
003 GE_BSU
008 181216s||||||||xx |||||||||||||| ||und||
040 _cGE_BSU
080 _a82-93
100 _aმოსაშვილი,ილო
245 _aთოლია
245 _bსაბავშვო პოემები და მოთხრობები
245 _cრედ.ნ.არჯევანიძე. მხატვ. შ.დოლიძე
260 _aთბილისი
260 _bნაკადული
260 _c1963
300 _a99გვ.20სმ.
653 _aთოლია
653 _aსაბავშვო პოემები და მოთხრობები
942 _cBK
999 _c42877
_d42877